1995 [i.e. Mil novecientos noventa y cinco] elecciones para gobernador : Michoacán /
Emisión del programa Nexos TV del 26 de octubre de 1995, cuarta y última transmisión acerca de las elecciones para gobernador a celebrarse durante ese año. Dedicada a los comicios del estado de Michoacán, la cuarta sesión presentó entrevistas con Cristóbal Arias Solís, Felipe Calderón Hinojosa y Víc...
Salvato in:
| Autore principale: | |
|---|---|
| Altri autori: | , , , , , , , , , |
| Natura: | |
| Lingua: | spagnolo |
| Pubblicazione: |
México :
Televisión Azteca,
1995, c1995
|
| Serie: | (Nexos TV ;
347) |
| Soggetti: | |
| Tags: |
Nessun Tag, puoi essere il primo ad aggiungerne!!
|
MARC
| LEADER | 00000ngm^a2200000^a^4500 | ||
|---|---|---|---|
| 001 | 000275695 | ||
| 005 | 20250521000000.0 | ||
| 009 | 20260310111239.186 | ||
| 037 | |a Acervo ITESO - Biblioteca | ||
| 041 | |a ESP | ||
| 082 | |a 320. 972 |b NEX V. 347 | ||
| 100 | |a Cordera Campos, Rolando |e (dir. general) | ||
| 240 | 1 | 1 | |a [Nexos TV] |
| 240 | 1 | 1 | |a [1995 (i.e. Mil novecientos noventa y cinco) elecciones para gobernador] |
| 245 | 1 | 0 | |a 1995 [i.e. Mil novecientos noventa y cinco] elecciones para gobernador : |b Michoacán / |c Dir. general de R. Cordera Campos. |
| 264 | 4 | |a México : |b Televisión Azteca, |c 1995, c1995 | |
| 300 | |a 1 videocasete VHS |c (57 min.) | ||
| 336 | |a imagen móvil bidimensional |b tdi |2 rdacontenido | ||
| 337 | |a video |b v |2 rdamedio | ||
| 338 | |a videocasete |b vf |2 rdasoporte | ||
| 440 | 1 | |a (Nexos TV ; |v 347) | |
| 520 | |a Emisión del programa Nexos TV del 26 de octubre de 1995, cuarta y última transmisión acerca de las elecciones para gobernador a celebrarse durante ese año. Dedicada a los comicios del estado de Michoacán, la cuarta sesión presentó entrevistas con Cristóbal Arias Solís, Felipe Calderón Hinojosa y Víctor Manuel Tinoco Rubí, candidatos del Partido de la Revolución Democrática (PRD), el Partido Acción Nacional (PAN) y el Partido Revolucionario Institucional (PRI), respectivamente, a la gubernatura de dicho estado del occidente mexicano. Dialogaron con los postulantes los periodistas Rodrigo Morales y Raymundo Riva Palacio, subdirectores de la revista Voz y voto y de investigación del diario Reforma, y Rolando Cordera Campos, director de Nexos TV. Las anteriores emisiones abordaron las elecciones en Guanajuato, Yucatán y Baja California. | ||
| 649 | |a XX | ||
| 650 | |a Candidatos Políticos Mexicanos - |x Entrevistas | ||
| 650 | |a Políticos Mexicanos - |x Entrevistas | ||
| 650 | |a Elecciones - |z Michoacán - |x Historia - |y 1994-2000 - |x Tema Principal | ||
| 650 | |a Elecciones - |z Michoacán - |x Historia - |y Siglo XX | ||
| 650 | |a Elecciones - |z México - |x Historia - |y 1994-2000 | ||
| 650 | |a Elecciones - |z México - |x Historia - |y Siglo XX | ||
| 650 | |a Partido Acción Nacional - |z Michoacán | ||
| 650 | |a Partido Acción Nacional - |z México | ||
| 650 | |a Partido de la Revolución Democrática - |z Michoacán | ||
| 650 | |a Partido de la Revolución Democrática - |z México | ||
| 650 | |a Partido Revolucionario Institucional - |z Michoacán | ||
| 650 | |a Partido Revolucionario Institucional - |z México | ||
| 650 | |a Partidos Políticos - |z Michoacán | ||
| 650 | |a Partidos Políticos - |z México | ||
| 650 | |a Proceso Político - |z Michoacán | ||
| 650 | |a Proceso Político - |z México | ||
| 650 | |a Michoacán - |x Condiciones Políticas | ||
| 650 | |a Política - |z Michoacán - |x Historia - |y 1994-2000 | ||
| 650 | |a Política - |z Michoacán - |x Historia - |y Siglo XX | ||
| 650 | |a México - |x Condiciones Políticas | ||
| 650 | |a Política - |z México - |x Historia - |y 1994-2000 | ||
| 650 | |a Política - |z México - |x Historia - |y Siglo XX | ||
| 650 | |a Arias Solís, Cristóbal - |x Tema Principal | ||
| 650 | |a Calderón Hinojosa, Felipe - |x Tema Principal | ||
| 650 | |a Tinoco Rubí, Víctor Manuel - |x Tema Principal | ||
| 700 | |a Sánchez Rebolledo, Adolfo |e (coordinación) | ||
| 700 | |a Gutiérrez, Marcela |e (producción) | ||
| 700 | |a Cordera Campos, Rolando |e (entrevista) | ||
| 700 | |a Morales, Rodrigo |e (entrevista) | ||
| 700 | |a Riva Palacio, Raymundo |e (entrevista) | ||
| 700 | |a Sánchez Rebolledo, Adolfo |e (guión) | ||
| 700 | |a Aguilar Camín, Héctor |e (asesoría) | ||
| 700 | |a Arias Solís, Cristóbal |e (autor) | ||
| 700 | |a Calderón Hinojosa, Felipe |e (autor) | ||
| 700 | |a Tinoco Rubí, Víctor Manuel |e (autor) | ||
| 910 | |a Fondo General | ||
| 920 | |a Audiovisuales - Videocasetes | ||
| 905 | |a 301 | ||
| 901 | |a 0500074211 |b IT2 |c VIS |u 20250521 | ||
| 902 | |a https://opac.biblio.iteso.mx/vufind/Record/000275695 | ||